000 00760nam a2200205Ii 4500
003 JO-AjNU
008 230605s9999||||xx |||||||||||||| ||und||
040 _aJO-AjNU
_bara
_erda
_cJO-AjNU
041 _aara
050 1 4 _aBP131.5.I26 2005
100 3 _aابن الفاصح العذري، علي ابن عثمان؛ تحقيق ابراهيم بن محمد الجرمي,
_eauthor
_924087
245 0 0 _aقرة العين في الفتح والإمالة وبين اللفضين
250 _aط1
264 3 1 _aعمان: دار عمار للنشر والتوزيع، 2005
300 _a255ص
336 _atext
_btxt
_2rdacontent
337 _aunmediated
_bn
_2rdamedia
338 _avolume
_bnc
_2rdacarrier
650 4 _aالقران - القراءات
_924088
999 _aA8815
_c12383
_d12383